000 01155cam a22002651a 4500
001 17359
003 BD-RjUL
005 20211209000127.0
008 140216s1958 wau b 000 0 eng d
035 _a(BD-RjUL)17417
035 _a(OCoLC)10265425
040 _aDLC
_cRPB
_dOCoLC
_dUk
_dDLC
_dBD-RjUL
_beng
041 _aeng
082 0 0 _a170.4
_bESS 1958
245 0 0 _aEssays in moral philosophy /
_cedited by A.I. Melden.
260 _aSeattle :
_bUniversity of Washington Press,
_c1958.
300 _axii, 216 p. ;
_c22 cm.
504 _aIncludes bibliographical references.
505 0 _aBlameworthiness and obligation / R.B. Brandt -- Obligation and motivation in recent moral philosophy / W.K. Frankena -- Legal and moral obligation / H.L.A. Hart -- Moral condemnation / G.E. Hughes -- Escapism: the logical basis of ethics / A.N. Prior -- On forgetting the difference between right and wrong / G. Ryle -- Moral rules and principles / M.G Singer -- Saints and heroes / J.O. Urmson.
650 0 _aEthics.
_953498
700 1 _aMelden, A. I.
_q(Abraham Irving),
_d1910-
_93729
942 _2ddc
_cBK
999 _c17359
_d17359